000 00660nam a2200241Ia 4500
999 _c53613
_d53613
001 20660
003 GE_BSU
005 20210224185157.0
008 181216s2013||||ge |||||||||||||| ||geo||
020 _a9789967114135
040 _cGE_BSU
041 _ageo
080 _a364:371 D-63
245 _aDisaster risk reduction in education : Good practices and new approaches :
_bunite for children.
264 _c2013.
300 _a52 p. :
_bill. ;
_c29 cm.
541 _h30 ლ.
653 _aDisaster risk reduction in education
653 _aGood practices and new approaches
653 _aunite for children
653 _aUnucef
942 _cBK
_2udc